| 000 | 00663nam a2200241 a 4500 | ||
|---|---|---|---|
| 001 | BRCA_5857 | ||
| 005 | 20190320205236.0 | ||
| 008 | 160311s1936----nyua######---#000-0#eng-# | ||
| 041 | _aeng | ||
| 044 | _anyu | ||
| 050 | 4 |
_aNK7486 _b.M66 1936 |
|
| 100 | 1 |
_aMoore, N. Hudson _914837 |
|
| 245 | 1 | 0 |
_aThe Old Clock Book _cby N. Hudson Moore. |
| 260 |
_aNueva York _bTudor _c1936 |
||
| 300 |
_axi, 339p. _bil., 104 láminas _c21 cm. |
||
| 500 | _aIncluye índice alfabético | ||
| 500 | _aIncluye lista de relojeros ingleses p. 165-330 | ||
| 500 | _aG48 | ||
| 650 | 1 | 4 |
_aRelojes _xHistoria _914838 |
| 650 | 1 | 4 |
_aRelojeros _92107 |
| 902 | _aGFM | ||
| 942 |
_2lcc _cB |
||
| 999 |
_c5546 _d5546 |
||